| 000 | 00361nam a22001457a 4500 | ||
|---|---|---|---|
| 003 | SGT | ||
| 020 | _a9781138098459 | ||
| 082 |
_a320 _bT17S |
||
| 100 | _aSINGH, BALMIKI PRASAD | ||
| 245 | _aTHE 2IST CENTURY: GEOPOLITICS, DEMOCRACY & PEACE | ||
| 260 |
_bROUTLEDGE TAYLOR & FRANCIS GROUP _c2017 |
||
| 300 | _a345 | ||
| 650 | _aSOCIAl SCIENCE | ||
| 942 |
_2ddc _cBK |
||
| 999 |
_c28058 _d28058 |
||